Sports Quiz

Random Sports or MLB Quiz

MLB: AL Central Players with 5-WAR Seasons Since 1961 Quiz Stats

 Plays Quiz not verified by Sporcle

Challenge
Share
Tweet
Number of 5-WAR seasons listed along with player's best season. Position players and pitchers included.
Score 0/192 Timer 20:00
0 Plays Today
Team Player % Correct
TigersMiguel Cabrera
97.3%
IndiansAsdrubal Cabrera
97.3%
RoyalsGeorge Brett
96.4%
White SoxFrank Thomas
93.7%
TwinsJoe Mauer
93.7%
TigersJustin Verlander
93.7%
Twins Kirby Puckett
92.8%
White SoxAlbert Belle
91%
TwinsJohan Santana
91%
TwinsRod Carew
91%
TigersAlan Trammell
91%
IndiansAlbert Belle
91%
TwinsHarmon Killebrew
90.1%
IndiansJim Thome
90.1%
White Sox Alexei Ramirez
89.2%
Indians Manny Ramirez
89.2%
TigersJack Morris
88.3%
RoyalsBret Saberhagen
87.4%
TigersAl Kaline
86.5%
TigersLou Whitaker
86.5%
IndiansKenny Lofton
84.7%
RoyalsJay Bell
84.7%
TigersJ.D. Martinez
83.8%
Tigers Victor Martinez
83.8%
Indians Dennis Martinez
83.8%
IndiansRoberto Alomar
83.8%
IndiansVictor Martinez
83.8%
TwinsBert Blyleven
82.9%
Tigers Austin Jackson
82.9%
Indians Bert Blyleven
82.9%
RoyalsAlex Gordon
82.9%
Tigers Max Scherzer
82%
IndiansCliff Lee
81.1%
RoyalsWillie Wilson
81.1%
IndiansGrady Sizemore
81.1%
Indians Travis Hafner
81.1%
Tigers Earl Wilson
81.1%
Twins Kent Hrbek
79.3%
White SoxMagglio Ordonez
78.4%
White SoxJack McDowell
78.4%
TigersMagglio Ordonez
78.4%
IndiansCorey Kluber
78.4%
IndiansSam McDowell
78.4%
Twins Gary Gaetti
78.4%
TwinsChuck Knoblauch
77.5%
TigersCecil Fielder
77.5%
Tigers Denny McLain
77.5%
RoyalsCarlos Beltran
75.7%
Tigers Kirk Gibson
74.8%
Royals Zack Greinke
74.8%
TwinsTony Oliva
73.9%
TigersMickey Lolich
73%
Tigers Norm Cash
73%
TwinsJim Perry
73%
IndiansGaylord Perry
73%
White SoxMark Buehrle
73%
White SoxRobin Ventura
72.1%
Royals Lorenzo Cain
72.1%
Tigers Rocky Colavito
71.2%
Twins Frank Viola
70.3%
IndiansCC Sabathia
70.3%
TwinsBrad Radke
69.4%
Indians Carlos Baerga
69.4%
White Sox Chet Lemon
68.5%
Team Player % Correct
Tigers Chet Lemon
68.5%
Royals Amos Otis
68.5%
RoyalsJohnny Damon
67.6%
RoyalsKevin Appier
67.6%
RoyalsMike Sweeney
67.6%
IndiansRoberto Hernandez
66.7%
IndiansOmar Vizquel
66.7%
White Sox Dick Allen
65.8%
White Sox Lance Johnson
65.8%
White SoxChris Sale
65.8%
Royals Darrell May
64.9%
White Sox Tommy John
64%
TigersIan Kinsler
64%
White SoxWilbur Wood
64%
Tigers Carlos Guillen
63.1%
TigersLance Parrish
63.1%
RoyalsMark Gubicza
63.1%
Twins Brian Dozier
63.1%
Twins Jacque Jones
63.1%
White SoxJim Kaat
62.2%
Twins Jim Kaat
62.2%
Indians Jason Kipnis
62.2%
TigersBill Freehan
61.3%
Indians Charles Nagy
61.3%
Royals John Mayberry
60.4%
White Sox Jose Abreu
59.5%
Royals Dennis Leonard
57.7%
Royals Dan Quisenberry
57.7%
Tigers Willie Horton
56.8%
TigersCurtis Granderson
55.9%
TigersTravis Fryman
55.9%
IndiansMichael Brantley
55.9%
Indians Francisco Lindor
55.9%
TigersMark Fidrych
55.9%
TigersAnibal Sanchez
55%
Indians Joe Carter
53.2%
IndiansAndre Thornton
52.3%
Twins Tom Brunansky
51.4%
TwinsZoilo Versalles
51.4%
RoyalsDarrell Porter
50.5%
White Sox Alex Fernandez
49.5%
White SoxLaMarr Hoyt
47.7%
Tigers Mickey Tettleton
47.7%
Twins Bobby Allison
47.7%
Indians Luis Tiant
46.8%
TigersPlacido Polanco
45.9%
RoyalsAl Cowens
44.1%
TwinsRoy Smalley
44.1%
Royals David Cone
43.2%
Tigers Jason Thompson
42.3%
TigersJustin Thompson
42.3%
TwinsAllan Anderson
41.4%
TigersRon LeFlore
41.4%
Tigers Jim Northrup
41.4%
RoyalsLarry Gura
41.4%
White SoxJohn Danks
40.5%
TigersDick McAuliffe
40.5%
Royals Kevin Seitzer
40.5%
White SoxBartolo Colon
39.6%
TigersBobby Higginson
39.6%
IndiansToby Harrah
39.6%
Royals Charlie Leibrandt
38.7%
Twins Camilo Pascual
37.8%
White Sox Esteban Loaiza
37.8%
Team Player % Correct
White Sox Adam Eaton
36%
White Sox Bill Melton
36%
TigersAlex Avila
36%
Twins Lyman Bostock
35.1%
White Sox Jose Quintana
35.1%
Twins Jimmie Hall
34.2%
TwinsCorey Koskie
33.3%
White SoxRichard Dotson
32.4%
Tigers Joe Coleman
32.4%
Tigers Tony Phillips
32.4%
TigersJohn Hiller
31.5%
IndiansJhonny Peralta
31.5%
Indians Tom Candiotti
29.7%
IndiansDennis Eckersley
29.7%
Twins Shane Mack
29.7%
TwinsLarry Hisle
29.7%
White SoxBritt Burns
28.8%
White SoxGary Peters
28.8%
White Sox Carlos Quentin
28.8%
Indians Shin-Soo Choo
28.8%
TigersJim Bunning
28.8%
RoyalsSteve Busby
27.9%
White Sox Joe Horlen
27%
TwinsDean Chance
27%
Twins Dave Goltz
26.1%
White Sox Aaron Rowand
25.2%
White SoxTim Raines
25.2%
TwinsKevin Tapani
25.2%
Indians Greg Swindell
25.2%
TwinsJoe Mays
24.3%
TigersAurelio Lopez
23.4%
White Sox Goose Gossage
22.5%
White SoxPete Ward
21.6%
TwinsGary Ward
21.6%
White Sox Tom Bradley
19.8%
Indians Graig Nettles
19.8%
RoyalsGil Meche
19.8%
TwinsJerry Koosman
18.9%
White SoxJavier Vazquez
18%
TigersJustin Upton
17.6%
Tigers Damion Easley
17.1%
Indians Rick Sutcliffe
17.1%
Royals Paul Byrd
17.1%
White SoxTom Seaver
16.2%
White SoxTommie Agee
16.2%
White SoxDon Buford
16.2%
Tigers Dave Rozema
16.2%
White Sox Ron Hansen
15.3%
White SoxStan Bahnsen
15.3%
IndiansRay Fosse
15.3%
TwinsDenard Span
14.4%
IndiansSonny Siebert
14.4%
White SoxJake Peavy
13.5%
Twins Doug Corbett
13.5%
White SoxJuan Pizarro
12.6%
TwinsDave Boswell
12.6%
TwinsJohn Smiley
11.7%
TwinsJim Merritt
11.7%
TwinsLeo Cardenas
11.7%
RoyalsJose Offerman
9.9%
TigersHank Aguirre
9.9%
Twins Jack Kralick
9%
IndiansSid Monge
7.2%
White SoxRay Herbert
3.6%

You're not logged in!

Compare scores with friends on all Sporcle quizzes.
Join for Free
OR
Log In

You Might Also Like...

Show Comments

Extras

Top Quizzes Today


Score Distribution

Your Account Isn't Verified!

In order to create a playlist on Sporcle, you need to verify the email address you used during registration. Go to your Sporcle Settings to finish the process.

Report this User

Report this user for behavior that violates our Community Guidelines.

Details: